Guess the 1970s song lyrics #149 - Statistics

General Stats
  • This quiz has been taken 24 times
  • The average score is 150 of 226
Answer Stats
Answer % Correct
I
100%
do
95%
to
95%
all
90%
and
90%
me
90%
the
90%
The
90%
We
90%
you
90%
is
85%
don't
80%
get
80%
it
80%
No
80%
that
80%
who
80%
but
75%
down
75%
ever
75%
only
75%
Only
75%
What
75%
what
75%
with
75%
days
70%
I've
70%
Nothin
70%
one
70%
out
70%
thing
70%
feel
65%
got
65%
it's
65%
know
65%
like
65%
loves
65%
up
65%
about
60%
always
60%
around
60%
gone
60%
has
60%
here
60%
of
60%
they
60%
come
55%
Monday
55%
Mondays
55%
Rainy
55%
feelin
50%
frown
50%
need
50%
Oh
50%
really
50%
Some
50%
find
45%
Hanging
40%
I'd
40%
seems
40%
call
35%
Feeling
35%
Run
35%
talk
35%
Talk
35%
before
30%
belong
30%
somebody
30%
used
30%
wrong
30%
blues
25%
old
25%
wind
25%
clown
20%
fit
20%
Funny
20%
kind
20%
Walking
20%
lonely
15%
myself
15%
Nice
15%
quit
15%
Sometimes
15%
Talkin
15%
No matching quizzes found
Score Distribution
Percent of People with Each Score
Percentile by Number Answered
Your Score History
You have not taken this quiz